| 000 | 00693nam a22002411p 4500 | ||
|---|---|---|---|
| 001 | 000019637 | ||
| 005 | 20200929170102.0 | ||
| 008 | 781129s1971 sp 000 0 spa | ||
| 010 | _a75544088 | ||
| 015 | _aSp71 | ||
| 020 | _c30ptas | ||
| 040 |
_aDO-SdBNP _cDLC _dDLC |
||
| 050 | 0 | 0 |
_aPQ6601.L53 _bO8 1971 |
| 100 | 1 |
_aAlonso, Damaso, _d1898- _942085 |
|
| 245 | 1 | 0 |
_aOscura noticia ; Hombre y Dios / _cDamaso Alonso. |
| 250 | _a2. ed. | ||
| 260 |
_aMadrid : _bEspasa-Calpe, _c1971. |
||
| 300 |
_a153 p. ; _c13 cm. |
||
| 490 | 0 | _aColeccion austral ; no. 1290 | |
| 500 | _aPoems. | ||
| 700 | 1 | 2 |
_aAlonso, Damaso, _d1898- _tHombre y Dios. 1971. _942086 |
| 910 | _aCatalogación derivada / LC | ||
| 999 |
_c19153 _d19153 |
||